<?xml version="1.0" encoding="UTF-8"?><?xml-stylesheet type="text/xsl" href="static/style.xsl"?><OAI-PMH xmlns="http://www.openarchives.org/OAI/2.0/" xmlns:xsi="http://www.w3.org/2001/XMLSchema-instance" xsi:schemaLocation="http://www.openarchives.org/OAI/2.0/ http://www.openarchives.org/OAI/2.0/OAI-PMH.xsd"><responseDate>2026-04-13T01:31:27Z</responseDate><request verb="GetRecord" identifier="oai:www.recercat.cat:2072/424446" metadataPrefix="marc">https://recercat.cat/oai/request</request><GetRecord><record><header><identifier>oai:recercat.cat:2072/424446</identifier><datestamp>2024-10-29T15:39:06Z</datestamp><setSpec>com_2072_98</setSpec><setSpec>col_2072_378197</setSpec></header><metadata><record xmlns="http://www.loc.gov/MARC21/slim" xmlns:dcterms="http://purl.org/dc/terms/" xmlns:xsi="http://www.w3.org/2001/XMLSchema-instance" xmlns:doc="http://www.lyncode.com/xoai" xsi:schemaLocation="http://www.loc.gov/MARC21/slim http://www.loc.gov/standards/marcxml/schema/MARC21slim.xsd">
   <leader>00925njm 22002777a 4500</leader>
   <datafield ind2=" " ind1=" " tag="042">
      <subfield code="a">dc</subfield>
   </datafield>
   <datafield ind2=" " ind1=" " tag="720">
      <subfield code="a">Blanes, Amand</subfield>
      <subfield code="e">author</subfield>
   </datafield>
   <datafield ind2=" " ind1=" " tag="720">
      <subfield code="a">Ajenjo, Marc,</subfield>
      <subfield code="e">author</subfield>
   </datafield>
   <datafield ind2=" " ind1=" " tag="720">
      <subfield code="a">Centre d'Estudis Demogràfics</subfield>
      <subfield code="e">author</subfield>
   </datafield>
   <datafield ind2=" " ind1=" " tag="260">
      <subfield code="c">1994</subfield>
   </datafield>
   <datafield ind2=" " ind1=" " tag="520">
      <subfield code="a">En el període comprès entre 1975 i 1984 les estadístiques del moviment natural de la població de Catalunya estan afectades d'uns importants nivells d'inexhaustivitat que es localitzen territorialment de manera diversa segons els anys. Aquesta incorrecció de les dades dificulta les anàlisis de l'evolució de la població a partir de 1975, coincidint amb els anys de canvi de tendència de la població. Aquest estudi avalua les dades incompletes d'aquest període des d'una òptica de l'anàlisi dels fets demogràfics per tal d'identificar i avaluar els factors que han incidit en l'evolució de la població de Catalunya en els últims quinze anys i, per tant, conèixer el marc en el qual s'han de situar les previcions de la població de futur.</subfield>
   </datafield>
   <datafield ind2=" " ind1=" " tag="520">
      <subfield code="a">En el periodo comprendido entre 1975 i 1984 las estadísticas del movimiento natural de la población de Cataluña están afectadas por importantes niveles de inexactitud que se localizan territorialmente de manera diversa según los años. Estas incorrecciones de los datos dificultan cualquier análisis de la evolución de la población a partir de 1975, coincidiendo con los años de cambio de tendencia de la población. Este estudio evalúa los datos incompletos de este periodo desde una óptica del análisi de los hechos demográficos con el fin de identificar y evaluar los factores que han incidido en la evolución de la población de Cataluña en los últimos quince años y, por tanto, conocer el marco en el cual se han de situar las previsiones de la población en el futuro.</subfield>
   </datafield>
   <datafield ind2=" " ind1=" " tag="520">
      <subfield code="a">Between 1975 and 1984, the statistics of the natural movement of the population in Catalonia was significatively underregistered in several parts of the territory. This makes problematic the analysis of population evolution from 1975, when a change book place in the demographic evolution. This study evaluates the incompletness of the data for this period and identifies the factors that have been</subfield>
   </datafield>
   <datafield ind2="0" ind1="0" tag="245">
      <subfield code="a">Una metodologia per a la correcció de les dades del moviment natural de la població, 1975-1984</subfield>
   </datafield>
</record></metadata></record></GetRecord></OAI-PMH>